000 00358 a2200109 4500
001 ART_54190
005 20260410161850.0
008 260409a
245 1 0 _aLa inflexibilidad descendente de los precios y la teoría de la empresa
100 1 _aBeker, Víctor Alberto
773 0 _tEconómica
_g- Año XXXI, Nº1 (ene./abr. 1985)
_wREV7541
999 _c24957
_d24957